000 00777nam a22001937a 4500
005 20160405020002.0
008 140312b1985 xxu||||| |||| 00| 0 spa d
041 _aeng
082 _a551.7
_bQ11q
100 1 _aMelief, Adelbertus
_d1951-
_920652
245 1 0 _aLate Quaternary Paleoecology of the Parque Nacional Natural los Nevados (Coordillera Central), and Sumapaz (Coordillera Oriental) areas, Colombia
_cAdelbertus Melief
260 _a[?]
_bDutch Foundation for the Advancement of Tropical Research
_c1985
300 _a162 p. + 2 diagramas anexos
_bil.
_c24 cm.
500 _aIncluye dos planos de diagramas CID-059973 y CID-059974
650 0 _aPaleoecology
_yQuaternary
_920653
650 0 _aPaleoecology
_920654
651 _zColombia
_920655
942 _2ddc
_cImpreso
_01
999 _c8283
_d8283